000 00463nam a22001817a 4500
003 CEME
005 20210628203045.0
008 210126b xxu||||| |||| 00| 0 eng d
020 _a0-07-119998-5
040 _c.
082 _a004 OLE
100 _aO'leary, Timothy J , O'leary, Linda I
_956352
245 _aComputing today
260 _aNEW YORK
_bISLAMIC PUBLICATIONS
_c2004
300 _aXXX,690 P
650 _aCOMPUTING TODAY
_963069
942 _cBK
_2ddc
999 _c572008
_d572008